[Event "Ufa Penzina Memorial"]
[Site "Ufa"]
[Date "2023.08.08"]
[Round "3"]
[White "Udarova, Anastasia"]
[Black "Akhmetova, Karina"]
[Result "1/2-1/2"]
[WhiteElo "1537"]
[BlackElo "1850"]
[PlyCount "41"]
[EventDate "2023.08.06"]
[EventType "swiss"]
[EventRounds "9"]
[EventCountry "RUS"]
[SourceTitle "CBM 215 Extra"]
[Source "ChessBase"]
[SourceDate "2023.09.30"]
[SourceVersion "1"]
[SourceVersionDate "2023.09.30"]
[SourceQuality "1"]

1. e4 e6 2. d4 d5 3. Nd2 Nf6 4. e5 Nfd7 5. Bd3 c5 6. c3 Nc6 7. Ngf3 Qb6 8. 0-0 cxd4 9. cxd4 Nxd4 10. Nxd4 Qxd4 11. Nf3 Qb6 12. a3 g6 13. Qa4 Bg7 14. Be3 Qd8 15. Bc5 Bf8 16. Be3 Bg7 17. Bc5 Bf8 18. Be3 Be7 19. Bh6 Bf8 20. Be3 Bg7 21. Bc5 1/2-1/2

[Event "Ufa Penzina Memorial"]
[Site "Ufa"]
[Date "2023.08.07"]
[Round "2"]
[White "Udarova, Anastasia"]
[Black "Testova, Nika"]
[Result "1-0"]
[WhiteElo "1537"]
[BlackElo "1730"]
[PlyCount "95"]
[EventDate "2023.08.06"]
[EventType "swiss"]
[EventRounds "9"]
[EventCountry "RUS"]
[SourceTitle "CBM 215 Extra"]
[Source "ChessBase"]
[SourceDate "2023.09.30"]
[SourceVersion "1"]
[SourceVersionDate "2023.09.30"]
[SourceQuality "1"]

1. e4 c5 2. Nf3 e6 3. d4 cxd4 4. Nxd4 Nc6 5. Nc3 Nf6 6. Ndb5 Bc5 7. Be2 a6 8. Nd6+ Ke7 9. Nxc8+ Rxc8 10. 0-0 d6 11. Kh1 b5 12. Bg5 h6 13. Bxf6+ gxf6 14. f4 Qa5 15. Bg4 Rcg8 16. Bh3 Qb4 17. Nd5+ exd5 18. Qxd5 Nd8 19. e5 Kf8 20. exd6 Bxd6 21. Rad1 Bc7 22. Rd4 Qe7 23. Rfd1 Kg7 24. Re4 Ne6 25. Bxe6 fxe6 26. Rxe6 Qf7 27. Rde1 Rd8 28. Qc6 Rd7 29. Qxd7 Qxd7 30. Re7+ Qxe7 31. Rxe7+ Kg6 32. Rxc7 Rd8 33. h3 Rd1+ 34. Kh2 Ra1 35. b4 Rxa2 36. Kg3 Rb2 37. c3 Rb3 38. Kh4 Kf5 39. Rc6 Kxf4 40. Rxf6+ Ke3 41. Rxh6 Rxc3 42. Rxa6 Rc4+ 43. g4 Rxb4 44. Kh5 Kf4 45. g5 Rb3 46. h4 Kg3 47. g6 Rb4 48. Ra3+ 1-0